000 00578nam a2200181Ia 4500
003 GCL
008 140319s9999 xx 000 0 ara d
040 _aGCL /
_cGCL
082 0 4 _a811.1
_bش ل
100 1 _aالشنفرى، عمرو بن مالك
245 1 0 _aلامية العرب : نشيد الصحراء لشاعر الازد (الشنغرى) /
_cالشنفرى، عمرو بن مالك
300 _a111 ص
490 _a
650 0 4 _aالشعر العربى
650 0 4 _aالادب العربى
650 0 4 _aالقصائد والدواوين
942 _2ddc
_cBK
999 _c44306
_d44306